| 000 | 01082nam a2200253Ia 4500 | ||
|---|---|---|---|
| 999 |
_c5679 _d5679 |
||
| 003 | OSt | ||
| 005 | 20200625130848.0 | ||
| 008 | 191128t2008 ck ad fr 000 0 spa d | ||
| 020 | _a9789589776735 | ||
| 040 |
_aCO-JMCR _cCO-JMCR |
||
| 041 | 0 | _aspa | |
| 082 | 0 | 4 |
_a334 / _bL351d _223 |
| 100 | 1 |
_aLimas Suárez, Sonia Janneth, _eautora _96171 |
|
| 245 | 1 | 0 |
_aDesarrollo y fortalecimiento de la economía solidaria / _cSonia Janeth Limas Suárez y Augusto Ezquiel Ramírez Rodríguez |
| 260 |
_aBogotá : _bTrillas, _c©2008 |
||
| 300 |
_a292 páginas : _bilustraciones y gráficos ; _c23 cm + _e1 CD |
||
| 504 | _aBibliografía: páginas 291-292 | ||
| 505 | 0 | _aConceptos básicos sobre cooperativismo y economía solidaria -- Organizaciones solidarias --Gestión de las empresas de economía solidaria -- Áreas funcionales en las empresas de economía solidaria | |
| 650 | 1 | 4 |
_aEconomía solidaria _96172 |
| 650 | 1 | 4 |
_aCooperativismo _96173 |
| 650 | 1 | 4 |
_aAdministración cooperativa _96174 |
| 700 | 1 |
_aRamírez Rodríguez, Augusto Ezequiel, _eautor _96175 |
|
| 942 |
_2ddc _cBK |
||